Estudio de factibilidad de una planta pasteurizadora de leche en el cantón de Peréz Zeledón
Gespeichert in:
| 1. Verfasser: | |
|---|---|
| Format: | Abschlussarbeit Buch |
| Veröffentlicht: |
[San José , Costa Rica]
1974
|
| Tags: |
Tag hinzufügen
Keine Tags, Fügen Sie den ersten Tag hinzu!
|
MARC
| LEADER | 00000nam a2200000Ia 4500 | ||
|---|---|---|---|
| 003 | 007070 | ||
| 005 | 20221231144313.0 | ||
| 008 | 140114s1974 cr a m 000 ||s d | ||
| 040 | |c cru CEDI | ||
| 090 | |a TFG 2829 | ||
| 100 | |a Barzuna Ulloa, Roberto |9 11947 | ||
| 245 | |a Estudio de factibilidad de una planta pasteurizadora de leche en el cantón de Peréz Zeledón | ||
| 260 | |c 1974 |a [San José , Costa Rica] | ||
| 300 | |a 43 hojas : ilustraciones | ||
| 500 | |a Proyecto de graduación. Universidad de Costa Rica. Facultad de Ingeniería. Escuela de Ingeniería Industrial | ||
| 501 | |a 1a Etapa | ||
| 502 | |a Escuela de ingenieria Industrial | ||
| 942 | |c TFG | ||
| 999 | |c 19867 |d 19867 | ||
